=LDR 00000nam 2200000 4500 =001 000801 =005 20250711113547 =035 ##$$a 0010-0725000671 =007 ta =008 250711################a##########0#ind## =020 ##$$a 978 - 623-307-583-1 =082 ##$$a 398.280 2 =084 ##$$a 398.280 2 GAM i =100 #$$a Gamage, Aruna Keerthi =245 1#$$a Ipung si capung Kehilangan biolanya /$c Aruna Keerthi Gamage =250 ##$$a Cetakan pertama =260 ##$$a Jakarta :$b Badan pengembangan dan pembinaan bahasa,$c 2022 =300 ##$$a 24 hlm. : $b Ilus. ; $c 21,5 cm =650 #4$$a Cerita anak-terjemahan =650 #4$$a Literasi-bahan bacaan